| 000 | 00864cad a22002295a 4500 | ||
|---|---|---|---|
| 001 | E147312 | ||
| 008 | 090428s2009 xxu f 000 0 eng d | ||
| 035 | _a(Sirsi) u147312 | ||
| 041 | 0 | _aeng | |
| 050 | 0 | 4 | _a333.33 $2 18 |
| 110 | 2 |
_aJones Lang LaSalle _93755 |
|
| 245 | 0 | 0 |
_aUS office statistics _bQ1 2009 _h[electronic resource] |
| 260 |
_a[S.l.] _bJLL _c2009 |
||
| 490 | 0 | _aPulse Americas Research | |
| 520 | _aProvides figures on current stock, net absorption, vacancy and rental rates for office property in various US CBDs and suburban areas. | ||
| 521 | _aAdvanced | ||
| 590 | _aKA | ||
| 651 | 4 |
_aUnited States _y1959- |
|
| 690 | _aPROPERTY-COMMERCIAL PROPERTY-OFFICE PROPERTY-OFFICE MARKET | ||
| 856 | 4 | 0 |
_uhttps://www.joneslanglasalle.com.mx _zView the research free of charge (requires registration) at www.joneslanglasalle.com.mx... |
| 942 | _n0 | ||
| 999 |
_c109515 _d109515 |
||